00592nam a2200193Ia 450000500170000000800410001702000240005804000190008204100120010108200160011310000190012924500640014826000430021230000260025544000230028150400510030465000330035585000100038820230703094127.0131103s9999 xx 000 0 und d a192851063c3.95 pds aLoreto College aEnglish a944.07bZEL aZeldin,Theodor aFrance 1848 - 1945b anxiety and hypocrisy cTheodor Zeldin aOxford bOxford University Pressc1981 a[3],427 p.b ill.,map aOxxford Paperbacks aIncludes bibliograpphical references and index aFrance - History,1848 - 1945 aLCLIB